Fundamentals of human resource management
Fundamentals of Human Resource Management, by Noe, Hollenbeck, Gerhart and Wright is specifically written to provide a complete introduction to human resource management for the general business manager. This book is the most engaging, focused and applied HRM text on the market.
Tallennettuna:
| Aineistotyyppi: | Kirja |
|---|---|
| Kieli: | Undetermined |
| Julkaistu: |
Boston
McGraw-Hill Higher Education
2009
|
| Aiheet: | |
| Tagit: |
Lisää tagi
Ei tageja, Lisää ensimmäinen tagi!
|
| Thư viện lưu trữ: | Trung tâm Học liệu Trường Đại học Cần Thơ |
|---|
| LEADER | 00797nam a2200193Ia 4500 | ||
|---|---|---|---|
| 001 | CTU_155275 | ||
| 008 | 210402s9999 xx 000 0 und d | ||
| 020 | |c 580000 | ||
| 082 | |a 658.3 | ||
| 082 | |b F981 | ||
| 245 | 0 | |a Fundamentals of human resource management | |
| 245 | 0 | |c Raymond A. Noe ... [et al.] | |
| 260 | |a Boston | ||
| 260 | |b McGraw-Hill Higher Education | ||
| 260 | |c 2009 | ||
| 520 | |a Fundamentals of Human Resource Management, by Noe, Hollenbeck, Gerhart and Wright is specifically written to provide a complete introduction to human resource management for the general business manager. This book is the most engaging, focused and applied HRM text on the market. | ||
| 650 | |a Personnel management | ||
| 904 | |i Giang | ||
| 980 | |a Trung tâm Học liệu Trường Đại học Cần Thơ | ||